Doctrina pandectarum (Record no. 160323)

MARC details
000 -LEADER
campo de control de longitud fija 00646nam a22001935i 4500
001 - NÚMERO DE CONTROL
campo de control 160323
003 - IDENTIFICADOR DE NÚMERO DE CONTROL
campo de control ES-MaACL
005 - FECHA Y HORA DE LA ÚLTIMA TRANSACCIÓN
campo de control 20230906212011.0
008 - DATOS DE LONGITUD FIJA--INFORMACIÓN GENERAL
campo de control de longitud fija 981002s1838 be |||| | lat d
040 ## - FUENTE DE CATALOGACIÓN
Centro catalogador/agencia de origen CLM
Lengua de catalogación spa
Centro/agencia transcriptor CCPB | 3D
100 1# - ENTRADA PRINCIPAL--NOMBRE DE PERSONA
Nombre de persona Mühlenbruch, Christian Friedrich.
9 (RLIN) 130364
245 10 - MENCIÓN DEL TÍTULO
Título Doctrina pandectarum
Resto del título : scholarum in usum /
Mención de responsabilidad, etc. scripsit C.F. Muhlenbruch.
250 ## - MENCION DE EDICION
Mención de edición Editio nova, auctior et emendatior ...
260 ## - PUBLICACIÓN, DISTRIBUCIÓN, ETC.
Lugar de publicación, distribución, etc. Bruxellis :
Nombre del editor, distribuidor, etc. [s.n.],
Fecha de publicación, distribución, etc. 1838 (
Fabricante Hauman, et C.)
300 ## - DESCRIPCIÓN FÍSICA
Extensión XV, 724 p. ;
Dimensiones 24 cm.
650 04 - PUNTO DE ACCESO ADICIONAL DE MATERIA--TÉRMINO DE MATERIA
Término de materia o nombre geográfico como elemento de entrada Jurisprudencia.
9 (RLIN) 14031
752 ## - ENTRADA AGREGADA--NOMBRE JERÁRQUICO DEL LUGAR
País o entidad superior Bélgica -
Ciudad Bruselas
852 ## - LOCALIZACIÓN
Ubicación ES-MaACL
Número de control de estantería C-3169
Nota libre - Enc. hol.
Holdings
Estatus retirado Estado de pérdida Estado de daño No para préstamo Colección Biblioteca de origen Biblioteca actual Ubicación en estantería Fecha de adquisición Fuente de adquisición Total de préstamos Signatura topográfica completa Código de barras Visto por última vez Precio de reemplazo Tipo de ítem Koha
        Libros del s. XIX Biblioteca del Ateneo de Madrid Biblioteca del Ateneo de Madrid Sala Palomar 17/01/2008     C-3169 1167870 23/02/2023 23/02/2023 Libro impreso antiguo